00688nam a2200145Ia 4500008004100000100002700041245016400068245006600232260003200298260001500330650001200345856009300357999001900450952007300469160809s9999 xx 000 0 und d aLegesse, Mehret Tesfu. aAdult Patient Satisfaction with In-patient Nursing Care in a Referral and Teaching Hospital Southern Nations Nationalities and Peoples Region (SNNPR), Ethiopia cMehret Tesfu Legesse, Waju Beyene Salgedo and Aynengida Adamu bJournal of Nursing and Care cApril 2016 xNURSING uhttp://www.omicsgroup.org/journals/ArchiveJNC/previousissue-nursing-care-open-access.php c300168d300168 001040aCLbCLd2016-08-09l0r2016-08-09 00:00:00w2016-08-09yFOJ